Curso de robótica

Shranjeno v:
Bibliografske podrobnosti
Main Authors: Angulo Usategui, José María (Author), Avilés González, Rafael (Author)
Format: Knjiga
Jezik:španščina
Izdano: Madrid Paraninfo 1985
Izdaja:2a. ed
Teme:
Oznake: Označite
Brez oznak, prvi označite!

MARC

LEADER 00000nam a2200000 a 4500
001 UCV6345
003 CL-VaPUC
008 910806e19850000SP |||||||||||||||||spa|d
082 0 4 |a 629.892  |b ANG  |2 21 
100 0 |a Angulo Usategui, José María  |e author  |9 300542 
700 0 |a Avilés González, Rafael  |e author  |9 300543 
245 1 0 |a Curso de robótica 
250 |a 2a. ed 
300 |a 430 p 
942 |c BK 
945 |d 19910806 00:00:00 
260 |a Madrid  |b Paraninfo  |c 1985 
650 0 |a Robótica   |9 263360 
583 |a last modification  |c 19910806 00:00:00  |k Rodrigo Vera 
999 |c 212464  |d 212462